[Event "IND-ch U19 Girls"]
[Site "Ahmedabad"]
[Date "2023.09.21"]
[Round "2"]
[White "Goddeti, Hima Tejaswini"]
[Black "Shubhi, Gupta"]
[Result "0-1"]
[WhiteElo "1454"]
[BlackElo "1761"]
[PlyCount "78"]
[EventDate "2023.09.20"]
[EventType "swiss"]
[EventRounds "11"]
[EventCountry "IND"]
[SourceTitle "EXT 2024"]
[Source "ChessBase"]
[SourceDate "2023.10.10"]
[SourceVersion "1"]
[SourceVersionDate "2023.10.10"]
[SourceQuality "1"]

1. e4 e5 2. Nf3 Nc6 3. Bb5 a6 4. Ba4 Nf6 5. d3 b5 6. Bb3 Be7 7. 0-0 d6 8. h3 0-0 9. Nc3 Be6 10. Re1 Qd7 11. Bg5 h6 12. Bxf6 Bxf6 13. Nd5 Kh7 14. c3 Ne7 15. Ne3 Ng6 16. d4 Qc8 17. Rc1 c5 18. d5 Bd7 19. c4 Nf4 20. Nf5 Qc7 21. Ng3 g6 22. Ne2 Nxe2+ 23. Qxe2 Bg7 24. Nh2 Qd8 25. Nf1 Qg5 26. Qd2 Qh4 27. Ne3 h5 28. Qc2 Bh6 29. Rcd1 f5 30. exf5 gxf5 31. a4 Kh8 32. Nf1 Rg8 33. Kh1 Qg5 34. f3 bxa4 35. Ba2 Rg7 36. Nh2 Rag8 37. Rg1 Qg3 38. Qb1 Bf4 39. Nf1 Qxh3+ 0-1